000 00981cam a22002531 4500
001 rc 01001312
003 DLC
005 20260227111903.0
007 cr_|||||||||||
008 850914s1897 inuacf 000 0 eng
010 _arc 01001312
035 _a(OCoLC)12548494
040 _aDLC
_cT
_dDLC
042 _apremarc
050 0 0 _aF444.N2
_bW3
245 0 4 _aThe Wayne hand-book of Nashville, and the Tennessee centennial exposition ...
_bA complete guide-book for tourists ...
260 _aFt. Wayne, Ind.,
_bWayne Publishing Company,
_c1897.
300 _a119, [13] p.
_bincl. front., illus. (incl. ports.) fold. plan.
_c16 cm.
500 _aIncludes advertising matter.
530 _aAlso available in digital form on the Internet Archive Web site.
651 0 _aNashville (Tenn.)
_xDescription and travel.
611 1 0 _aNashville.
_qTennessee Centennial and International Exposition,
_d(1897)
_vGuidebooks.
856 4 1 _uhttp://hdl.loc.gov/loc.gdc/scd0001.00059084422
999 _c52057
_d52057